| 000 | 00741nam a2200241Ia 4500 | ||
|---|---|---|---|
| 005 | 20250508164427.0 | ||
| 008 | 008 250505s9999 xx 000 0 eng d | ||
| 020 | _a0-521-38779-5 | ||
| 037 | _aTextBook | ||
| 040 |
_aFEDL _beng _cFEDL |
||
| 041 |
_aeng _2eng |
||
| 084 |
_a418, RIC/R _qFEDL |
||
| 100 |
_aRichards Jack C Ed. _9140146 |
||
| 245 | 0 | _aSecond language teachers education | |
| 260 |
_aCambridge _bCambridge University Press _c1997 |
||
| 300 | _axii,340p | ||
| 365 |
_aINR _b18 |
||
| 490 | _aCambrige Language Teaching Library | ||
| 650 |
_aApplied linguistics; Teacher education - Second language _9778109 |
||
| 700 |
_a Nunan David Ed. _9778110 |
||
| 942 |
_cTB _h418, RIC/R |
||
| 999 |
_c1389080 _d1389080 |
||